000 00753nam a2200229Ia 4500
003 OSt
005 20220923220640.0
006 a|||||r|||| 00| 0
007 ta
008 220922b |||||||| |||| 00| 0 hin d
024 _a188,360
037 _cTextual
040 _aARTS
_cARTS
_bhin
041 _2hin
_ahin
082 _aV6:251:N7, 152K2
100 _aगौतम, ब्रजेन्द्र प्रताप
_9158651
245 0 _aअफ्रीका की राष्ट्रीय जागृति
246 _aAfrīkā kī rāṣhṭrīya jāgṛuti
260 _c1962
942 _hV6:251:N7, 152K2
_cTEXL
_2CC
999 _c341436
_d341436